Statistiques concernant They Shoot Pictures, Don't They? - films 721 à 740

Cliquez ici pour prendre le quiz!

Statistiques générales

  • Ce quiz a été pris 21 fois
  • Le résultat moyen est 3 sur 20

Statistiques - réponses

Réponse% Correct
Dancer in the Dark
83%
Ben-Hur
56%
La Belle Noiseuse
33%
Le Procès
28%
Les Dames du bois de Boulogne
17%
My Own Private Idaho
17%
Uzak
17%
Vive l'amour
17%
Fish Tank
11%
Les Amants Diaboliques
11%
Les Ensorcelés
11%
Sérénade à trois
6%
Born in Flames
0%
Fleurs de papier
0%
Hellzapoppin'
0%
L'Âge de la Terre
0%
La Rivière Subarnarekha
0%
L'armée de l'empereur s'avance
0%
Les Ailes
0%
Salesman
0%

Distribution des résultats

Percentile par nombre de réponses

% des personnes avec chaque résultat

Votre développement - résultats

Vous n’avez pas pris ce quiz